00723 2200253 4500001002100000005001500021035002000036007000300056008004100059020001800100100003200118245005800150250001200208300004200220264003600262336002100298337003000319338002300349082001200372084001800384650002800402650002600430990001300456INLIS00000000112143720241107012943 a0010-1024000269ta241107 0 ind  a97860240141860 aWidodo BudihartoePengarang1 aKnowledge & Information Retrieval /cWidodo Budiharto aEdisi 1 ax, 150 halaman :billustrasi ;c25 cm aYogyakarta :bDeepublish,c2024 2rdacontentaText 2rdamediaaTanpa perantara 2rdacarrieravolume a025.524 a025.524 WID k 4aTemui Kembali Informasi 4aInformation Retrieval a24/00233